|
|
|
|
| LEADER |
00000nam0a2200000 4500 |
| 001 |
60366 |
| 005 |
20231101211857.0 |
| 035 |
|
|
|a (RuTPU)RU\TPU\book\63834
|
| 090 |
|
|
|a 60366
|
| 100 |
|
|
|a 20040206d1988 km y0rusy50 ca
|
| 101 |
0 |
|
|a rus
|
| 102 |
|
|
|a RU
|
| 105 |
|
|
|a a z 001zy
|
| 200 |
1 |
|
|a Организация охраны труда в нефтегазодобывающих и газоперерабатывающих производствах
|e правила и нормы
|f сост. Ю. С. Карпеев
|
| 210 |
|
|
|a Москва
|c Недра
|d 1988
|
| 215 |
|
|
|a 557 с.
|c ил.
|
| 606 |
1 |
|
|a Нефтегазодобывающие предприятия
|x Охрана труда
|2 stltpush
|3 (RuTPU)RU\TPU\subj\45580
|9 64773
|
| 606 |
1 |
|
|a Газоперерабатывающие заводы
|2 stltpush
|3 (RuTPU)RU\TPU\subj\38401
|9 56070
|
| 610 |
1 |
|
|a нефтегазодобывающие производства
|
| 610 |
1 |
|
|a газоперерабатывающее производство
|
| 610 |
1 |
|
|a организация
|
| 610 |
1 |
|
|a нефтедобывающие предприятия
|
| 610 |
1 |
|
|a нормативные документы
|
| 610 |
1 |
|
|a руководящие указания
|
| 610 |
1 |
|
|a газовая промышленность
|
| 610 |
1 |
|
|a правила
|
| 610 |
1 |
|
|a безопасность труда
|
| 610 |
1 |
|
|a нормы
|
| 675 |
|
|
|a 622.323.012:658.3
|v 3
|
| 675 |
|
|
|a 665.632
|v 3
|
| 702 |
|
1 |
|a Карпеев
|b Ю. С.
|4 220
|
| 801 |
|
1 |
|a RU
|b 63413507
|c 20040206
|g PSBO
|
| 801 |
|
2 |
|a RU
|b 63413507
|c 20151123
|g PSBO
|
| 900 |
|
|
|a Организация производства на предприятиях нефтяной и газовой промышленности
|
| 900 |
|
|
|a Организация производства НГП
|
| 942 |
|
|
|c BK
|